<?xml version="1.0" encoding="UTF-8"?>
<record
    xmlns:xsi="http://www.w3.org/2001/XMLSchema-instance"
    xsi:schemaLocation="http://www.loc.gov/MARC21/slim http://www.loc.gov/standards/marcxml/schema/MARC21slim.xsd"
    xmlns="http://www.loc.gov/MARC21/slim">

  <leader>00335nam a2200121Ia 4500</leader>
  <controlfield tag="005">20260213061945.0</controlfield>
  <controlfield tag="008">260210s9999||||xx |||||||||||||| ||und||</controlfield>
  <datafield tag="050" ind1=" " ind2=" ">
    <subfield code="a">QC20.85.Ab331 2018</subfield>
  </datafield>
  <datafield tag="100" ind1=" " ind2=" ">
    <subfield code="a">Abdullayev, S&#x259;rh&#x259;ddin</subfield>
  </datafield>
  <datafield tag="245" ind1=" " ind2="0">
    <subfield code="a">Fizika.&#x18F;sas fiziki k&#x259;miyy&#x259;tl&#x259;r,qanunlar,d&#xFC;sturlar,qrafikl&#x259;r.</subfield>
  </datafield>
  <datafield tag="264" ind1=" " ind2=" ">
    <subfield code="c">&#xA0;2018</subfield>
  </datafield>
  <datafield tag="650" ind1=" " ind2=" ">
    <subfield code="a">Fizika</subfield>
  </datafield>
  <datafield tag="999" ind1=" " ind2=" ">
    <subfield code="c">57</subfield>
    <subfield code="d">57</subfield>
  </datafield>
</record>
